Statystyki dla Rockstar - wszystkie numery z albumu

Kliknij tutaj aby rozwiązać quiz!

Ogólne statystyki

  • Ten quiz został rozwiązany 6 razy
  • Średni wynik to 9 z 14

Statystyki odpowiedzi

NumerFeatTytuł PiosenkiWyświetlenia YoutubeOdtworzenia Spotify% Poprawnych
3.---California120mln86,787,543
100%
11.Bedoes, KuqeNowi Kumple39mln18,714,441
100%
1.---Balmain2,7mln4,216,877
80%
5.---Rockstar22mln21,101,474
80%
13.---Sen11mln5,503,739
80%
8.---Anioł Stróż5,4mln3,680,242
60%
10.---Cry Baby11mln8,633,143
60%
4.---Jaki ojciec taki syn5,2mln4,847,274
60%
6.---La Vida Loca39mln28,042,951
60%
7.---Noc19mln34,748,723
60%
12.BiałasSos Mula8,3mln5,629,684
60%
9.---Jim Morrison2,6mln4,277,289
40%
2.---Kurt Cobain5,4mln4,261,929
40%
14.---Legenda1,1mln2,581,372
40%

Rozkład punktacji

Percentyl według liczby udzielonych odpowiedzi

Procent ludzi z każdym wynikiem

Twoja historia wyników

Nie rozwiązałeś tego quizu